Formacion ética y ciudadana 9 /
Guardado en:
| Autor Principal: | |
|---|---|
| Otros Autores: | , , |
| Formato: | Libro |
| Publicado: |
Buenos Aires :
Santillana,
2001
|
| Series: | Claves
|
| Materias: | |
| Etiquetas: |
Agregar Etiqueta
Sin Etiquetas, Sea el primero en etiquetar este registro!
|
| LEADER | 01158nam a22003255a 4500 | ||
|---|---|---|---|
| 001 | CEM.cems010936 | ||
| 005 | 20080228102442.0 | ||
| 008 | 130507s2001##################000#0#####d | ||
| 003 | CEMS | ||
| 020 | |a 950461048X | ||
| 082 | 0 | 4 | |a Z320 |
| 100 | 1 | |a Donatello, Luis Miguel | |
| 245 | 1 | 0 | |a Formacion ética y ciudadana 9 / |c Luis Miguel Donatello ... [et Al.] |
| 260 | |a Buenos Aires : |b Santillana, |c 2001 | ||
| 300 | |a 128 p. | ||
| 490 | 0 | |a Claves | |
| 500 | |a Para 9°año Egb | ||
| 505 | 0 | |a Sociedad, cultura y valores -- La sociedad se organiza -- La Constitución nacional -- Los derechos económicos y sociales | |
| 653 | |a Formación ética y ciudadana | ||
| 653 | |a Formación ética y ciudadana-9°egb | ||
| 653 | |a Sociedad | ||
| 653 | |a Valores | ||
| 653 | |a Constitución | ||
| 653 | |a Derechos | ||
| 700 | 1 | |a Hirschmann, Pablo G. | |
| 700 | 1 | |a Ippolito, Mónica L. | |
| 700 | 1 | |a Sosa, María Martina | |
| 859 | |a CEMS |b BIB. CEMS - 11 de abril |h Z320 |i D715 |p 21724.02 |t Ej.1 |v 9º |3 9º | ||
| 859 | |a CEMS |b BIB. CEMS - 11 de abril |h Z320 |i D715 |p 21725.02 |t Ej.2 |v 9º |3 9º | ||
| 859 | |a CEMS |b BIB. CEMS - 11 de abril |h Z320 |i D715 |p 21726.02 |t Ej.3 |v 9º |3 9º | ||
